A járásbiróság új épülete

Budova Kráľovského okresného súdu bude stáť na pozemku č.133 na ulici D. Andrássyho, ktorý bol vybratý na základe konkurzu. Ministerstvo pravosúdia poskytlo financie vo výške 10 000 korún. Mesto 7000 korún. Budova má byť ukončená 1.10.1914.

Podrobná bibliografia
Médium: Článok
Jazyk:Hungarian
Témy:
Zdroj: 1. Sajó-Vidék : Vegyestartalmú hetilap 1. Roč. 15, č. 39 (26.09.1912) s. 3
LEADER 01046nab#a2200289#ar4500
001 000073587
003 SVKKK
005 19971002xxxxxxx.
008 06 c xo huno
FMT
038 |a SVKKK 
040 |a SVKKK  |b slo  |e AACR2 
041 0 |a hun 
044 |a xo  |c SK 
080 |a 727:34 
242 1 0 |a Novostavba okresného súdu 
245 0 0 |a A járásbiróság új épülete 
520 2 |a Budova Kráľovského okresného súdu bude stáť na pozemku č.133 na ulici D. Andrássyho, ktorý bol vybratý na základe konkurzu. Ministerstvo pravosúdia poskytlo financie vo výške 10 000 korún. Mesto 7000 korún. Budova má byť ukončená 1.10.1914. 
650 0 4 |a Kráľovský okresný súd, Rožňava - budova - jeseň 1912 - výstavba plánovaná - 1.10.1914 - odovzdanie plánované - správa 
773 0 |t Sajó-Vidék : Vegyestartalmú hetilap  |g Roč. 15, č. 39 (26.09.1912) s. 3 
957 |a Rožňava 
958 |a DG 
958 |a SK 
974 |a ebl  |d 19971002 
992 |a RBX 
BAS
998 |a RETRO